<?xml version="1.0" encoding="UTF-8"?>
<record
    xmlns:xsi="http://www.w3.org/2001/XMLSchema-instance"
    xsi:schemaLocation="http://www.loc.gov/MARC21/slim http://www.loc.gov/standards/marcxml/schema/MARC21slim.xsd"
    xmlns="http://www.loc.gov/MARC21/slim">

  <leader>02297nam a22003017a 4500</leader>
  <controlfield tag="001">1529</controlfield>
  <controlfield tag="003">FISKH</controlfield>
  <controlfield tag="005">20250408120920.0</controlfield>
  <controlfield tag="008">230904b        cb ||||| |||| 00| 0 khr d</controlfield>
  <datafield tag="020" ind1=" " ind2=" ">
    <subfield code="a">9789924341109</subfield>
  </datafield>
  <datafield tag="040" ind1=" " ind2=" ">
    <subfield code="a">FISKH </subfield>
    <subfield code="b">eng </subfield>
    <subfield code="c">FISKH </subfield>
    <subfield code="d">FISKH </subfield>
  </datafield>
  <datafield tag="082" ind1=" " ind2=" ">
    <subfield code="a">577.63</subfield>
  </datafield>
  <datafield tag="100" ind1=" " ind2=" ">
    <subfield code="a">Mengchheang, Sunheng </subfield>
  </datafield>
  <datafield tag="245" ind1=" " ind2=" ">
    <subfield code="a">&#x1787;&#x17B8;&#x179C;&#x17B7;&#x178F;&#x1787;&#x17BB;&#x17C6;&#x179C;&#x17B7;&#x1789;&#x1794;&#x17B9;&#x1784;&#x1791;&#x1793;&#x17D2;&#x179B;&#x17C1;&#x179F;&#x17B6;&#x200B;&#x1794; / </subfield>
    <subfield code="c">&#x1793;&#x17B7;&#x1796;&#x1793;&#x17D2;&#x1792;&#x178A;&#x17C4;&#x1799; &#x179F;&#x17CA;&#x17BB;&#x1793;&#x17A0;&#x17C1;&#x1784; &#x1798;&#x17C9;&#x17C1;&#x1784;&#x1788;&#x17B6;&#x1784; &#x17A2;&#x178F;&#x17D2;&#x1790;&#x1794;&#x1791; &#xAB;&#x17A2;&#x1784;&#x17D2;&#x1782;&#x179A; &#x1793;&#x17B7;&#x1798;&#x17B7;&#x178F;&#x17D2;&#x178F;&#x179A;&#x17BC;&#x1794;&#x1793;&#x17C3;&#x1787;&#x17B6;&#x178F;&#x17B7;&#x1781;&#x17D2;&#x1798;&#x17C2;&#x179A;&#xBB; &#x178A;&#x17C4;&#x1799;&#x179B;&#x17C4;&#x1780; &#x17A2;&#x17C9;&#x17BA;&#x1798; &#x179F;&#x17BB;&#x1781;&#x179A;&#x17B7;&#x1791;&#x17D2;&#x1792;&#x17B7; &#x17A2;&#x17B6;&#x1787;&#x17D2;&#x1789;&#x17B6;&#x1792;&#x179A;&#x17A2;&#x1794;&#x17D2;&#x179F;&#x179A;&#x17B6; - &#x17A2;&#x178F;&#x17D2;&#x1790;&#x1794;&#x1791; &#xAB;&#x1796;&#x17D2;&#x179A;&#x17C2;&#x1780;&#x1791;&#x17B6;&#x179B;&#x17CB; &#x178B;&#x17B6;&#x1793;&#x179F;&#x17BD;&#x1782;&#x17CD;&#x1794;&#x1780;&#x17D2;&#x179F;&#x17B8;&#x1791;&#x17B9;&#x1780;&#xBB; &#x178A;&#x17C4;&#x1799; Association Gecko, FAO Siem Reap </subfield>
  </datafield>
  <datafield tag="250" ind1=" " ind2=" ">
    <subfield code="a">&#x1794;&#x17C4;&#x17C7;&#x1796;&#x17BB;&#x1798;&#x17D2;&#x1796;&#x179B;&#x17BE;&#x1780;&#x1791;&#x17B8; &#x17E5;&#x1798;&#x17B7;&#x1793;&#x17B6; &#x17E2;&#x17E0;&#x17E2;&#x17E2; </subfield>
  </datafield>
  <datafield tag="260" ind1=" " ind2=" ">
    <subfield code="a">Phnom Penh : </subfield>
    <subfield code="b">Sipar, </subfield>
    <subfield code="c">2022.</subfield>
  </datafield>
  <datafield tag="300" ind1=" " ind2=" ">
    <subfield code="a">39 pages : </subfield>
    <subfield code="b">map ; color illustrations ; </subfield>
    <subfield code="c">20 cm</subfield>
  </datafield>
  <datafield tag="490" ind1=" " ind2=" ">
    <subfield code="a">&#x1781;&#x17D2;&#x1789;&#x17BB;&#x17C6;&#x1785;&#x1784;&#x17CB;&#x178A;&#x17B9;&#x1784;</subfield>
  </datafield>
  <datafield tag="505" ind1=" " ind2=" ">
    <subfield code="a">Z'
</subfield>
  </datafield>
  <datafield tag="520" ind1=" " ind2=" ">
    <subfield code="a">&#x1787;&#x17B8;&#x179C;&#x17B7;&#x178F;&#x1787;&#x17BB;&#x17C6;&#x179C;&#x17B7;&#x1789;&#x1791;&#x1793;&#x17D2;&#x179B;&#x17C1;&#x179F;&#x17B6;&#x1794;&#x1795;&#x17D2;&#x178F;&#x179B;&#x17CB;&#x1796;&#x17D0;&#x178F;&#x17CC;&#x1798;&#x17B6;&#x1793;&#x17A2;&#x17C6;&#x1796;&#x17B8;&#x179A;&#x1794;&#x17C0;&#x1794;&#x179A;&#x179F;&#x17CB;&#x1793;&#x17C5;&#x179A;&#x1794;&#x179F;&#x17CB;&#x1794;&#x17D2;&#x179A;&#x1787;&#x17B6;&#x1787;&#x1793;&#x1780;&#x17D2;&#x1793;&#x17BB;&#x1784;&#x1781;&#x17C1;&#x178F;&#x17D2;&#x178F; &#x1793;&#x17B7;&#x1784;&#x179A;&#x17B6;&#x1787;&#x1792;&#x17B6;&#x1793;&#x17B8;&#x1787;&#x17BB;&#x17C6;&#x179C;&#x17B7;&#x1789;&#x1791;&#x1793;&#x17D2;&#x179B;&#x17C1;&#x179F;&#x17B6;&#x1794; &#x178A;&#x17BC;&#x1785;&#x1787;&#x17B6;&#x17D6; &#x1797;&#x17D2;&#x1793;&#x17C6;&#x1796;&#x17C1;&#x1789; &#x1780;&#x17C6;&#x1796;&#x1784;&#x17CB;&#x1786;&#x17D2;&#x1793;&#x17B6;&#x17C6;&#x1784; &#x1796;&#x17C4;&#x1792;&#x17B7;&#x179F;&#x17B6;&#x178F;&#x17CB; &#x1794;&#x17B6;&#x178F;&#x17CB;&#x178A;&#x17C6;&#x1794;&#x1784; &#x1794;&#x17C9;&#x17C3;&#x179B;&#x17B7;&#x1793; &#x179F;&#x17C0;&#x1798;&#x179A;&#x17B6;&#x1794; &#x1780;&#x17C6;&#x1796;&#x1784;&#x17CB;&#x1792;&#x17C6; &#x1796;&#x17D2;&#x179A;&#x17C7;&#x179C;&#x17B7;&#x17A0;&#x17B6;&#x179A; &#x1794;&#x1793;&#x17D2;&#x1791;&#x17B6;&#x1799;&#x1798;&#x17B6;&#x1793;&#x1787;&#x17D0;&#x1799; &#x1793;&#x17B7;&#x1784;&#x1794;&#x17D2;&#x179A;&#x1791;&#x17C1;&#x179F;&#x1790;&#x17C3; &#x178A;&#x17C2;&#x179B;&#x1787;&#x17B6;&#x1794;&#x17D2;&#x179A;&#x1791;&#x17C1;&#x179F;&#x1787;&#x17B7;&#x178F;&#x1781;&#x17B6;&#x1784;&#x179A;&#x1794;&#x179F;&#x17CB;&#x1799;&#x17BE;&#x1784;&#x17D4;</subfield>
  </datafield>
  <datafield tag="520" ind1=" " ind2=" ">
    <subfield code="a">Life around Tonlesap provides information of how people live in the provinces and capital city around Tonlesap such as: Phnom Penh, Kampong Chnang, Pursat, Battambong, Pailin, Siem Reap, Kampong Thom, Preah Vihear, Banteay Meanchey and Thailand, our neighbouring country. </subfield>
  </datafield>
  <datafield tag="521" ind1="8" ind2=" ">
    <subfield code="a">1000
</subfield>
    <subfield code="b">Lexile estimate
</subfield>
  </datafield>
  <datafield tag="521" ind1="8" ind2=" ">
    <subfield code="a">Z'
</subfield>
    <subfield code="b">Raz-Plus
</subfield>
  </datafield>
  <datafield tag="648" ind1=" " ind2=" ">
    <subfield code="v"> </subfield>
  </datafield>
  <datafield tag="650" ind1=" " ind2=" ">
    <subfield code="a">&#x1780;&#x17B6;&#x179A;&#x179A;&#x179F;&#x17CB;&#x1793;&#x17C5;&#x200B; </subfield>
    <subfield code="v">&#x1792;&#x1798;&#x17D2;&#x1798;&#x1787;&#x17B6;&#x178F;&#x17B7;&#x200B; </subfield>
    <subfield code="x">&#x1794;&#x17B9;&#x1784;&#x1791;&#x1793;&#x17D2;&#x179B;&#x17C1;&#x179F;&#x17B6;&#x1794; </subfield>
  </datafield>
  <datafield tag="650" ind1=" " ind2=" ">
    <subfield code="a">Live</subfield>
    <subfield code="v">Nature </subfield>
    <subfield code="x">Tonlesab River </subfield>
  </datafield>
  <datafield tag="942" ind1=" " ind2=" ">
    <subfield code="2">ddc</subfield>
    <subfield code="c">BK</subfield>
    <subfield code="n">0</subfield>
  </datafield>
  <datafield tag="999" ind1=" " ind2=" ">
    <subfield code="c">1529</subfield>
    <subfield code="d">1529</subfield>
  </datafield>
  <datafield tag="952" ind1=" " ind2=" ">
    <subfield code="0">0</subfield>
    <subfield code="1">0</subfield>
    <subfield code="2">ddc</subfield>
    <subfield code="4">0</subfield>
    <subfield code="7">0</subfield>
    <subfield code="8">KHMERNF</subfield>
    <subfield code="a">001</subfield>
    <subfield code="b">001</subfield>
    <subfield code="c">RHTK2</subfield>
    <subfield code="d">2023-09-04</subfield>
    <subfield code="l">0</subfield>
    <subfield code="o">MEN 577.63</subfield>
    <subfield code="p">2023-0464</subfield>
    <subfield code="r">2023-09-04 09:30:43</subfield>
    <subfield code="t">1</subfield>
    <subfield code="w">2023-09-04</subfield>
    <subfield code="y">KHB</subfield>
  </datafield>
  <datafield tag="952" ind1=" " ind2=" ">
    <subfield code="0">0</subfield>
    <subfield code="1">0</subfield>
    <subfield code="2">ddc</subfield>
    <subfield code="4">0</subfield>
    <subfield code="7">0</subfield>
    <subfield code="8">KHMERNF</subfield>
    <subfield code="a">001</subfield>
    <subfield code="b">001</subfield>
    <subfield code="c">RHTK2</subfield>
    <subfield code="d">2023-09-04</subfield>
    <subfield code="l">0</subfield>
    <subfield code="o">MEN 577.63</subfield>
    <subfield code="p">2023-0465</subfield>
    <subfield code="r">2023-09-04 09:30:53</subfield>
    <subfield code="t">2</subfield>
    <subfield code="w">2023-09-04</subfield>
    <subfield code="y">KHB</subfield>
  </datafield>
  <datafield tag="952" ind1=" " ind2=" ">
    <subfield code="0">0</subfield>
    <subfield code="1">0</subfield>
    <subfield code="2">ddc</subfield>
    <subfield code="4">0</subfield>
    <subfield code="7">0</subfield>
    <subfield code="8">KHMERNF</subfield>
    <subfield code="a">001</subfield>
    <subfield code="b">001</subfield>
    <subfield code="c">RHTK2</subfield>
    <subfield code="d">2023-09-04</subfield>
    <subfield code="l">0</subfield>
    <subfield code="o">MEN 577.63</subfield>
    <subfield code="p">FISTK03722</subfield>
    <subfield code="r">2023-10-10 09:03:14</subfield>
    <subfield code="t">3</subfield>
    <subfield code="w">2023-09-04</subfield>
    <subfield code="y">KHB</subfield>
  </datafield>
</record>
